00354nam a2200157Ia 45000010006000000050017000060080041000230410008000640820015000721000021000872450031001082600009001393000032001486500008001806540008001881361620260306164814.0260306t1998||||xx |||||||||||||| ||spa|| aESP a005.1bJ19 aJamsa, KriseAUT 0aProgramación para el web c1998 axx, 502 páginas :c23 cm. aGEN aCCC